Should the U.S. Do Business with China? : (Record no. 612917)

MARC details
000 -LEADER
fixed length control field 00532nam a2200193 a 4500
008 - FIXED-LENGTH DATA ELEMENTS--GENERAL INFORMATION
fixed length control field 260217s2009##################000#0#eng##
020 ## - INTERNATIONAL STANDARD BOOK NUMBER
ISBN 9780737741124
082 04 - DEWEY DECIMAL CLASSIFICATION NUMBER
Classification number 337.73051
Item number EGE
100 1# - MAIN ENTRY--AUTHOR NAME
Personal name Egendorf, Laura K.,
245 10 - TITLE STATEMENT
Title Should the U.S. Do Business with China? :
260 ## - PUBLICATION, DISTRIBUTION, ETC. (IMPRINT)
Name of publisher Greenhaven Publishing,
Year of publication 2009.
300 ## - PHYSICAL DESCRIPTION
Number of Pages 128 pages
650 #0 - SUBJECT ADDED ENTRY--TOPICAL TERM
Topical Term Juvenile Nonfiction.
942 ## - ADDED ENTRY ELEMENTS (KOHA)
Koha item type English Books
Holdings
Withdrawn status Lost status Damaged status Not for loan Home library Current library Shelving location Date acquired Full call number Accession Number Price effective from Koha item type
        Anna Centenary Library Anna Centenary Library 4TH FLOOR, A WING 17.02.2026 337.73051 EGE 202760 17.02.2026 English Books

Find us on the map